|
|
|
|
| LEADER |
02092nam a2200457 i 4500 |
| 001 |
30867 |
| 003 |
BD-DhAAL |
| 005 |
20160217122936.0 |
| 008 |
160210s2014 ii b 001 0 eng d |
| 010 |
|
|
|a 2014362335
|
| 020 |
|
|
|a 9789350354377
|
| 020 |
|
|
|a 9350354373
|
| 040 |
|
|
|a DKAGE
|b eng
|e rda
|c DKAGE
|d UKMGB
|d GWL
|d DLC
|d BD-DhAAL
|
| 050 |
0 |
0 |
|a KNS540
|b .M343 2014
|
| 082 |
0 |
4 |
|a 294.594
|2 23
|
| 100 |
1 |
|
|a Mahmood, Tahir,
|d 1941-
|e author.
|9 15647
|
| 245 |
1 |
0 |
|a Principles of Hindu law :
|b personal law of Hindus, Buddhists, Jains & Sikhs /
|c Tahir Mahmood.
|
| 246 |
3 |
0 |
|a Hindu law
|
| 246 |
3 |
0 |
|a Personal law of Hindus, Buddhists, Jains & Sikhs
|
| 250 |
|
|
|a 2014 edition.
|
| 264 |
|
1 |
|a New Delhi :
|b Universal Law Publishing Co. Pvt. Ltd.,
|c 2014.
|
| 300 |
|
|
|a lii, 419 pages ;
|c 25 cm
|
| 504 |
|
|
|a Includes bibliographical references (pages 411-413) and index.
|
| 526 |
|
|
|a LAW
|
| 541 |
|
|
|a 30867, 30868
|
| 610 |
1 |
0 |
|a India.
|t Hindu Adoptions and Maintenance Act, 1956.
|9 15654
|
| 610 |
1 |
0 |
|a India.
|t Hindu Marriage Act, 1955.
|9 15655
|
| 610 |
1 |
0 |
|a India.
|t Hindu Minority and Guardianship Act, 1956.
|9 15656
|
| 610 |
1 |
0 |
|a India.
|t Hindu Succession Act, 1956.
|9 15657
|
| 650 |
|
0 |
|a Persons (Law)
|z India.
|9 15648
|
| 650 |
|
0 |
|a Domestic relations
|z India.
|9 15649
|
| 650 |
|
0 |
|a Inheritance and succession
|z India.
|9 15650
|
| 650 |
|
0 |
|a Hindus
|x Legal status, laws, etc.
|z India.
|9 6489
|
| 650 |
|
0 |
|a Buddhists
|x Legal status, laws, etc.
|z India.
|9 15651
|
| 650 |
|
0 |
|a Jains
|x Legal status, laws, etc.
|z India.
|9 15652
|
| 650 |
|
0 |
|a Sikhs
|x Legal status, laws, etc.
|z India.
|9 15653
|
| 852 |
|
|
|a Ayesha Abed Library
|c General Stacks
|
| 942 |
|
|
|2 ddc
|c BK
|
| 999 |
|
|
|c 35881
|d 35881
|
| 952 |
|
|
|0 0
|1 0
|2 ddc
|4 0
|6 294_594000000000000_MAH
|7 0
|9 57709
|a BRACUL
|b BRACUL
|c GEN
|d 2016-01-21
|e R K Corporation
|g 1250.00
|l 1
|o 294.594 MAH
|p 3010030867
|r 2017-11-18
|s 2017-11-13
|t 1
|v 1250.00
|w 2016-01-21
|y BK
|
| 952 |
|
|
|0 0
|1 0
|2 ddc
|4 0
|6 294_594000000000000_MAH
|7 0
|9 57710
|a BRACUL
|b BRACUL
|c GEN
|d 2016-01-21
|e R K Corporation
|g 1250.00
|l 1
|m 14
|o 294.594 MAH
|p 3010030868
|q 2026-06-02
|r 2026-02-01
|s 2026-02-01
|t 2
|v 1250.00
|w 2016-01-21
|y BK
|